Qulay-e-Faisal / (Record no. 35352)
[ view plain ]
| 000 -LEADER | |
|---|---|
| fixed length control field | 00410nam a22001457a 4500 |
| 005 - DATE AND TIME OF LATEST TRANSACTION | |
| control field | 20240313114643.0 |
| 008 - FIXED-LENGTH DATA ELEMENTS--GENERAL INFORMATION | |
| fixed length control field | 240313b |||||||| |||| 00| 0 eng d |
| 082 ## - DEWEY DECIMAL CLASSIFICATION NUMBER | |
| Classification number | 491.439 |
| Item number | MUL-Q |
| 100 ## - MAIN ENTRY--AUTHOR | |
| Author Name | Mulana Abu ul Kalam Azaad |
| 245 ## - TITLE STATEMENT | |
| Title | Qulay-e-Faisal / |
| Statement of responsibility, etc. | by Mulana Abu ul Kalam Azaad |
| 260 ## - PUBLICATION, DISTRIBUTION, ETC. | |
| Place of Publication | Pakistan : |
| Name of publisher, distributor, etc. | Muqtabah Jamal ; |
| Date of publication, distribution, etc. | 2008 . |
| 300 ## - PHYSICAL DESCRIPTION | |
| Pages | 142 p . : |
| 650 ## - SUBJECT ADDED ENTRY--TOPICAL TERM | |
| Subject / Department | literature |
| 300 ## - PHYSICAL DESCRIPTION | |
| -- | 22 cm . |
| 952 ## - LOCATION AND ITEM INFORMATION (KOHA) | |
| -- | 0 |
| -- | 0 |
| Lost status | Damaged status | Collection code | Permanent Location | Current Location | Shelving Location | Date acquired | Full Call Number | Accession No./Barcode | Date last seen | item type | Koha item type |
|---|---|---|---|---|---|---|---|---|---|---|---|
| Literature/Urdu/eng/Islamic | Superior Information Resource Center (SIRC) Superior University- Main Campus | Superior Information Resource Center (SIRC) Superior University- Main Campus | Literature | 03/13/2024 | 491.439 MUL-Q 2008 | 29119 | 03/13/2024 | BOOK | BOOK |
